| 000 | 00690nam a2200217Ii 4500 | ||
|---|---|---|---|
| 001 | 23041 | ||
| 003 | CO-ViMGA | ||
| 008 | 241108s9999||||xx |||||||||||||| ||und|| | ||
| 020 | _a9789588753614 (impreso) | ||
| 040 |
_aCO-ViMGA _bspa _erda _cCO-ViMGA |
||
| 041 | 0 | _aspa | |
| 082 | 0 | 4 | _aR 925 W31m |
| 100 | 1 |
_aWicca, _d1955- _952638 |
|
| 245 | 1 | 0 |
_aMujeres que cuidan la naturaleza : _brelatos de defensoras del ambiente en Colombia |
| 264 | 1 | _aBogotá, Colombia : Fundación Natura : Isagen, 2019 | |
| 300 | _avolumen | ||
| 336 |
_atext _btxt _2rdacontent |
||
| 337 |
_aunmediated _bn _2rdamedia |
||
| 338 |
_avolume _bnc _2rdacarrier |
||
| 940 | _aidficha_siabuc: 21963. -- ficha_no_siabuc:23041 | ||
| 999 |
_c47433 _d47433 |
||